Online
Catalog

Trujillo : (Record no. 39128)

MARC details
000 -CABECERA
campo de control de longitud fija 00662nam a2200181 a 4500
001 - NÚMERO DE CONTROL
campo de control 000039638
005 - FECHA Y HORA DE LA ÚLTIMA TRANSACCIÓN
campo de control 20240409073644.0
008 - DATOS DE LONGITUD FIJA--INFORMACIÓN GENERAL
campo de control de longitud fija 130712s1977 xxua 000 0 spa d
020 ## - NÚMERO INTERNACIONAL ESTÁNDAR DEL LIBRO
Número Internacional Estándar del Libro 0915534436
040 ## - FUENTE DE LA CATALOGACIÓN
Centro catalogador/agencia de origen DO-SdBNP
Lengua de catalogación spa
Centro/agencia transcriptor BNPHU
082 ## - NÚMERO DE LA CLASIFICACIÓN DECIMAL DEWEY
Número de clasificación 923.17293
Número de documento/Ítem T866p
100 1# - ENTRADA PRINCIPAL--NOMBRE DE PERSONA
Nombre de persona Peña Rivera, Víctor Alicinio,
Fechas asociadas al nombre 1935-
9 (RLIN) 54735
245 10 - MENCIÓN DE TÍTULO
Título Trujillo :
Resto del título historia oculta de un dictador /
Mención de responsabilidad, etc. Víctor Alicinio Peña Rivera.
260 ## - PUBLICACIÓN, DISTRIBUCIÓN, ETC.
Lugar de publicación, distribución, etc. New York :
Nombre del editor, distribuidor, etc. Plus Ultra,
Fecha de publicación, distribución, etc. 1977.
300 ## - DESCRIPCIÓN FÍSICA
Extensión 413 p. :
Otras características físicas il. ;
Dimensiones 21 cm.
600 10 - PUNTO DE ACCESO ADICIONAL DE MATERIA--NOMBRE DE PERSONA
Nombre de persona Trujillo Molina, Rafael Leónidas,
Fechas asociadas al nombre 1891-1961
9 (RLIN) 76764
651 #4 - PUNTO DE ACCESO ADICIONAL DE MATERIA--NOMBRE GEOGRÁFICO
Nombre geográfico República Dominicana
Subdivisión general Política Y Gobierno
Subdivisión cronológica ERA DE TRUJILLO, 1930-1961
9 (RLIN) 1374
Holdings
Estado de retiro Estado de pérdida Restricciones de uso No para préstamo Código de colección Localización permanente Ubicación/localización actual Ubicación en estantería Fecha de adquisición Número de inventario Total de préstamos Signatura topográfica completa Código de barras Fecha visto por última vez Precio válido a partir de Tipo de ítem Koha Número de copia
      Excluido de préstamo Monografías: Libros y Folletos Patrimonio Dominicano Patrimonio Dominicano Depósito 12.07.2013 LF1   923.17293 T866p 39638-10 25.06.2020 25.06.2020 No se presta  
  Extraviado   Excluido de préstamo Monografías: Libros y Folletos Patrimonio Dominicano Patrimonio Dominicano Extraviado 17.07.2013 LF1   923.17293 T866p 39638-20 25.06.2020 25.06.2020 No se presta e. 2
  Extraviado Préstamo interno   Monografías: Libros y Folletos Patrimonio Dominicano Patrimonio Dominicano Extraviado 25.07.2013 LF1   923.17293 T866p 39638-30 25.06.2020 25.06.2020 Préstamo interno e. 3

Powered by Koha